00000000nam 2200000zi 4500
0019.947871
003CaOODSP
00520250409122635
006m     o  d f      
007cr |n|||||||||
008250211s2025    onca    o    f000 0 eng d
020 |a9780660756622
040 |aCaOODSP|beng|erda|cCaOODSP
043 |an-cn---
0861 |aM34-93/2025E-PDF
24500|aCritical Minerals Infrastructure Fund (CMIF) : |baccelerating mine development through energy and transportation infrastructure.
264 1|a[Ottawa] : |bGovernment of Canada = Gouvernement du Canada, |c[2025]
300 |a1 online resource (1 page) : |billustrations
336 |atext|btxt|2rdacontent
337 |acomputer|bc|2rdamedia
338 |aonline resource|bcr|2rdacarrier
500 |aIssued also in French under title: Fonds pour l'infrastructure des minéraux critiques (FIMC) : favoriser la mise en valeur de mines grâce aux infrastructures d’énergie et de transport.
650 0|aMining subsidies|zCanada.
650 0|aMineral industries|zCanada|xFinance.
650 0|aInfrastructure (Economics)|zCanada|xFinance.
7101 |aCanada. |bNatural Resources Canada, |eissuing body.
77508|tFonds pour l'infrastructure des minéraux critiques (FIMC) : |w(CaOODSP)9.947872
7760#|tCritical Minerals Infrastructure Fund (CMIF) : |w(CaOODSP)9.947995
85640|qPDF|s87.3 KB|uhttps://publications.gc.ca/collections/collection_2025/rncan-nrcan/M34-93-2025-eng.pdf